000 00504nam a2200157Ia 4500
008 230917s9999||||xx |||||||||||||| ||und||
040 _e185382
_aMAIN
041 _aEnglish
082 _a302.5688 D831A
100 _aदुबे, अभय कुमार
245 0 _aआधुनिकता के आइने में दलित
250 _aदुसरा ed.
260 _aनई दिल्ली
_bवाणी प्रकाशन
_c2005
300 _a422 पृ. p.
942 _cHN
999 _c137395
_d137395